|
|
|
|
| LEADER |
01121nam a2200325 4500 |
| 001 |
00020947 |
| 008 |
100927s1982 bg mx p w 0 a0eng d |
| 040 |
|
|
|a BD-DhAAL
|c BD-DhAAL
|
| 082 |
0 |
0 |
|a 348.5492/046
|
| 999 |
|
|
|c 9908
|d 9908
|
| 999 |
|
|
|c 9908
|
| 999 |
|
|
|c 9908
|
| 130 |
0 |
|
|a BLD
|9 796
|
| 222 |
|
0 |
|a Bangladesh legal decisions
|
| 245 |
0 |
0 |
|a Bangladesh legal decisions /
|c edited by Mahmudul Islam & Kazi Ebadul Hoque
|
| 246 |
3 |
0 |
|a B.L.D.
|
| 246 |
1 |
7 |
|a BLD
|
| 260 |
|
|
|a Dhaka :
|b Bangladesh Bar Council,
|c 1982-
|
| 310 |
|
|
|a Monthly, with an annual cumulation
|
| 362 |
0 |
|
|a Vol. 2 (Jan. 1982)-
|
| 500 |
|
|
|a Title from caption.
|
| 500 |
|
|
|a Latest issue consulted: Vol. 2,1982
|
| 541 |
|
|
|e 00020947
|
| 650 |
|
0 |
|a Law reports, digests, etc.
|z Bangladesh.
|
| 700 |
1 |
|
|a Islam, Mahmudul
|
| 700 |
1 |
|
|a Hoque, Kazi Ebadul
|9 798
|
| 710 |
2 |
|
|a Bangladesh Bar Council.
|9 799
|
| 852 |
4 |
|
|a Ayesha Abed Library
|j General shelf .
|
| 942 |
|
|
|2 ddc
|c BK
|
| 952 |
|
|
|0 0
|1 0
|2 ddc
|4 0
|6 348_549204600000000_BAN_1982
|7 0
|9 12817
|a BRACUL
|b BRACUL
|c CIR
|d 2010-10-28
|l 2
|o 348.5492046 BAN
|p 3010020947
|r 2014-03-05
|s 2014-03-05
|t 1
|w 2010-10-28
|y 1HOUR
|